000
00289nam a22001337a 4500
008
181031b xxu||||| |||| 00| 0 eng d
020
_a
0815602251
041
_a
eng
080
_a
610
100
_a
4
101
_a
SHM
245
_a
The Theology of Medicine
_c
Szasz, Th
942
_2
udc
_c
BK
999
_c
51368
_d
51368